Normal view
MARC view
- Martínez Contreras, Jorge
Entry Nombre Personal
001 - NUMERO DE CONTROL
- campo de control: 39559
003 - IDENTIFICADOR DE NUMERO DE CONTROL
- campo de control: UPN
005 - FECHA Y HORA DE LA ÜLTIMA TRANSACCIÓN
- campo de control: 20210219194547.0
008 - DATOS DE LONGITUD FIJA
- campo de control de longitud fija: nabaccnnaabn|||||||||| b |nc|||||d
035 ## - NUMERO DE CONTROL
- Número de control: UPN11000011666
040 ## - FUENTE DE CATALOGACIÓN
- Lenguaje de catalogación: SPA
- Agencia de transcripción: UPN
100 1# - ENCABEZAMIENTO - NOMBRE PERSONAL
- Nombre personal: Martínez Contreras, Jorge
670 ## - FUENTE EN LA QUE SE LOCALIZARON DATOS
- Cita de la fuente: T
- Información localizada: Buffon's primates = Les primates de buffon = Los primates de buffon
680 ## - NOTA PUBLICA DE ACCESO PÚBLICO
- Frase explicativa de la referencia: Especialista en filosofía y antropología evolucionista, maestro distinguido de la UAM y del Centro Lombardo Toledano
902 ## - CATALOGADOR
- Catalogador: MCM/071216
